U.S. Vice Presidents by Picture - Statistics

General Stats
  • This quiz has been taken 777 times
    379 since last reset
  • The average score is 34 of 50
Answer Stats
Picture Answer % Correct
Thomas Jefferson
98%
Al Gore
97%
Joe Biden
94%
George H.W. Bush
93%
JD Vance
92%
John Adams
92%
Gerald R. Ford
91%
Richard Nixon
91%
Theodore Roosevelt
91%
Kamala Harris
89%
Harry S. Truman
88%
Lyndon B. Johnson
88%
Mike Pence
88%
Dick Cheney
87%
Andrew Johnson
85%
Martin Van Buren
85%
Calvin Coolidge
83%
Chester A. Arthur
79%
John Tyler
79%
Millard Fillmore
79%
Spiro T. Agnew
78%
Walter Mondale
78%
Dan Quayle
75%
Nelson Rockefeller
73%
John C. Calhoun
65%
Aaron Burr
64%
Hubert Humphrey
64%
Henry Wallace
61%
John C. Breckinridge
57%
George Clinton
55%
Charles Curtis
54%
Schuyler Colfax
53%
Thomas R. Marshall
53%
Elbridge Gerry
52%
Hannibal Hamlin
52%
John Nance Garner
52%
Adlai Stevenson
47%
Alben W. Barkley
47%
Charles Dawes
47%
Charles W. Fairbanks
47%
Daniel Tompkins
47%
James Sherman
47%
George Mifflin Dallas
44%
Levi Morton
44%
Garret Hobart
42%
Richard Johnson
42%
William Wheeler
42%
William R. King
41%
Thomas A. Hendricks
40%
Henry Wilson
39%
No matching quizzes found
Score Distribution
Percent of People with Each Score
Percentile by Number Answered
Your Score History
You have not taken this quiz since the last reset